00935nam a22002297a 450000500170000000800410001702000150005805000220007324000220009524501540011725000110027126001110028230000210039350500270041465000410044165000490048265000320053170000420056370000290060570000470063470000240068120210615142651.0210430b ag ||||| |||| 00| 0 spa d a950574149904aKHA3022bD44 200100aLeyes y códigos03aLa defensa de la intimidad y de los datos personales a traves del habeas datac/ Osvaldo Alfredo Gozaíni coordinador , Marcela Basterra...[et al.]. a1a ed. aBuenos Aires, Argentina :bEdiar : bSociedad Anónima Editora, Comercial, Industrial y Financiera,c2001 a487 p. ;c21 cm. aIncluye bibliografía 4aPrivacidadxLegislaciónzArgentina 72lembaLibertad a la informaciónzArgentina 72lembaPtotección de datos1 aGozaini, Osvaldo Alfredoecoordinador1 aBasterra, Marcelaeautor1 aValle Díaz de Ubeid, Laticia del,eautor1 aDubie, Pedroeautor